|
|
|
|
| LEADER |
00586 a2200169 4500 |
| 008 |
150103s9999 000 0 eng |
| 020 |
|
|
|a 033367068X
|
| 082 |
|
|
|a 822.91409
|
| 100 |
|
|
|a Wu, Duncan.
|
| 245 |
|
|
|a Six contemporary dramatists/
|
| 260 |
|
|
|a London:
|b Macmillan,
|c c1996.
|
| 300 |
|
|
|a 179 p.
|
| 505 |
|
|
|a Bennett/ Potter/Gray/Brenton/Hare/Ayckbourn
|
| 650 |
|
|
|a Dramatist English
|
| 942 |
|
|
|c BK
|
| 999 |
|
|
|c 301732
|d 301732
|
| 952 |
|
|
|0 0
|1 0
|2 ddc
|4 0
|6 822_914090000000000_WU_SI
|7 0
|9 345064
|a DRA
|b DRA
|c ST1
|d 2010-09-14
|i 6365
|l 1
|o 822.91409 WU/SI
|p DRA6365
|r 2012-09-19
|s 2012-09-19
|w 2010-09-14
|y BK
|